00517cam a22001457a 4500008004000000082001600040100002200056245004900078260002800127300001000155500007100165650002900236999001900265952008700284180718b1967 xxu||||| |||| 00| 0 eng d aN13x73 M132 aMacCloskey, Monro aUnited States air forcecby Monro MacCloskey aNew YorkbPraegerc1967 a244p. aPraeger Library of U.S. Government Departments and Agencies, $5.95 aAviation, Military - USA c372664d372664 00104070aIIPAbIIPAd1994-06-16oN13x73 M132p42344r2018-07-21w2018-07-21yBK